01653nam a2200397 i 450000100060000000300080000600500170001400600190003100700150005000800410006503500220010604000310012805000260015908000180018508200180020311000560022124501900027726400250046730000410049233600310053333700330056433800430059750400290064058801270066959001640079665000350096065000220099565000490101765000270106665000240109365100120111765500270112979700190115685600630117599900170123884308FlNmELB20241217152104.0m o d | cr cnu||||||||180110s2013 pe ob 000 0 spa d a(OCoLC)1128410144 aFINmELBbspaerdacFINmELB 4aHC230.E5bP96457 2013 a330.3(85):5020 a338.985072230 aPrograma de las Naciones Unidas para el Desarrollo.10aInforme sobre desarrollo humano Perú 2013 :bcambio climático y territorio : desafíos y respuestas para un futuro sostenible /cPrograma de las Naciones Unidas para el Desarrollo. 1aLima :bPNUD,c2013. a1 recurso en línea (219 páginas) atextobtxt2rdacontent/spa acomputadorabc2rdamedia/spa arecurso en líneabcr2rdacarrier/spa aContiene bibliografía. aDescripción basada en recurso en línea; Título de la página del título en PDF (e-libro, visto January 10, 2018). aRecurso electrónico. Santa Fe, Arg.: e-libro, 2018. Disponible vía World Wide Web. El acceso puede estar limitado para las bibliotecas afiliadas a e-libro. 0aSustainable developmentzPeru. 0aClimatic changes. 0aEconomic developmentxEnvironmental aspects. 4aDesarrollo sostenible. 4aCambio climático. 4aPerú. 4aLibros electrónicos.2 ae-libro, Corp.40uhttps://elibro.net/ereader/politecnicointernacional/101502 c84308d84308